[Event "Ì17Ï"]
[Site "Loo"]
[Date "2017.04.26"]
[Round "7.3"]
[White "Øåìÿêèí, Âàëåðèé."]
[Black "Êûðíàåâ, Àëåêñåé."]
[Result "1-0"]
[WhiteElo "2039"]
[BlackElo "2048"]
[PlyCount "111"]
[EventDate "2017.04.20"]

1. Nc3 d5 2. e4 d4 3. Nce2 c5 4. Ng3 e5 5. Nf3 Qc7 6. Bb5+ Nd7 7. O-O a6 8.
Bxd7+ Bxd7 9. d3 b5 10. c3 g6 11. cxd4 cxd4 12. Bd2 Qd6 13. Rc1 Ne7 14. Qb3 h6
15. Bb4 Qb8 16. Qa3 Nc6 17. Bxf8 Rxf8 18. Rxc6 Bxc6 19. Qc5 Bd7 20. Nxe5 Qa7
21. Qd6 Be6 22. Nxg6 Rg8 23. Ne5 Rc8 24. Nf5 Qc5 25. b4 Qc7 26. Qxd4 Rd8 27.
Qb2 f6 28. Nf3 Bxf5 29. exf5 Kf7 30. Qb3+ Kf8 31. Qe6 Rd6 32. Qe4 Qd7 33. d4
Kf7 34. Kh1 h5 35. h3 Rd5 36. g4 hxg4 37. hxg4 Re8 38. Qf4 Rh8+ 39. Kg2 Rg8 40.
Kh3 Rh8+ 41. Kg3 Rg8 42. Kh3 Rh8+ 43. Kg3 Rg8 44. Ne5+ fxe5 45. dxe5 Rd3+ 46.
f3 Qd4 47. e6+ Kf6 48. Rc1 Qxf4+ 49. Kxf4 Rd4+ 50. Ke3 Rxb4 51. Rc7 Rg7 52. g5+
Rxg5 53. Rf7+ Ke5 54. e7 Rg8 55. Rf8 Kd6 56. e8=Q 1-0

[Event "Ì17Ï"]
[Site "Loo"]
[Date "2017.04.26"]
[Round "7.4"]
[White "Ëåâåíøòåéí, Ìàðê."]
[Black "Çàõàðîâ, Íèêèòà."]
[Result "0-1"]
[WhiteElo "2161"]
[BlackElo "1980"]
[PlyCount "70"]
[EventDate "2017.04.20"]

1. b3 e5 2. Bb2 d6 3. e3 Nf6 4. c4 Nc6 5. Nc3 Be7 6. Nf3 O-O 7. d4 exd4 8. Nxd4
Ne5 9. Qc2 Re8 10. O-O-O c5 11. Nde2 Bd7 12. Nf4 Bc6 13. f3 Qa5 14. h4 a6 15.
a4 b5 16. cxb5 axb5 17. Nxb5 c4 18. bxc4 Rec8 19. Bc3 Qb6 20. Bd4 Qa5 21. c5
Nfd7 22. Bc3 Qd8 23. cxd6 Bf6 24. Kb1 Bxb5 25. Bxb5 Nc4 26. Qb3 Na3+ 27. Qxa3
Rxc3 28. Qa2 Nc5 29. d7 Rb3+ 30. Kc1 Rxb5 31. Nd5 Nxd7 32. Nxf6+ Qxf6 33. Rxd7
Qc6+ 34. Kd2 Qxd7+ 35. Ke2 Rxa4 0-1

[Event "Ì17Ï"]
[Site "Loo"]
[Date "2017.04.26"]
[Round "7.5"]
[White "Àïïàíîâ, Àðòåì."]
[Black "Îâñÿíþê, Äìèòðèé."]
[Result "1/2-1/2"]
[WhiteElo "1992"]
[BlackElo "2095"]
[PlyCount "60"]
[EventDate "2017.04.20"]

1. d4 d5 2. c4 dxc4 3. e3 e5 4. Bxc4 exd4 5. Nf3 Bb4+ 6. Bd2 Bxd2+ 7. Qxd2 Nf6
8. Nxd4 O-O 9. O-O a6 10. a4 Qe7 11. Nc3 c5 12. Nde2 Rd8 13. Qc2 Nc6 14. Nf4
Nb4 15. Qb3 Bf5 16. Nfd5 Nbxd5 17. Nxd5 Nxd5 18. Bxd5 Be4 19. Bxe4 Qxe4 20.
Rac1 Rac8 21. Rfd1 h6 22. h3 Rxd1+ 23. Rxd1 c4 24. Qb4 Rc7 25. Rd8+ Kh7 26. Rd4
Qb1+ 27. Kh2 Qf5 28. Rf4 Qe5 29. Kg1 b5 30. axb5 axb5 {
äàëåå çàïèñü íåðàçáîð~~èâà} 1/2-1/2

[Event "Ì17Ï"]
[Site "Loo"]
[Date "2017.04.26"]
[Round "7.6"]
[White "ßíãóòîâ, Àëåêñåé."]
[Black "Çàáîëîòíîâ, Åâãåíèé."]
[Result "1-0"]
[WhiteElo "1883"]
[BlackElo "2087"]
[PlyCount "81"]
[EventDate "2017.04.20"]

1. d4 d5 2. c4 c6 3. Nc3 Nf6 4. Nf3 dxc4 5. a4 Bf5 6. Ne5 Nbd7 7. Nxc4 Nb6 8.
Ne5 a5 9. e3 g6 10. Bd3 Bxd3 11. Qxd3 Bg7 12. O-O Nfd7 13. Nf3 e5 14. Rd1 O-O
15. b3 exd4 16. Nxd4 Re8 17. Ba3 Nf8 18. Qc2 Qh4 19. Rac1 Rad8 20. Nce2 Nd5 21.
Qd2 Bh6 22. Nf3 Qg4 23. h3 Qe6 24. Ned4 Qe4 25. Re1 Nb4 26. Bxb4 axb4 27. Qxb4
Rd7 28. Nd2 Qd3 29. Nc4 Rxd4 30. exd4 Rxe1+ 31. Rxe1 Ne6 32. Qxb7 Qxd4 33. Qxc6
Bf4 34. Qe4 Qc3 35. a5 Nc5 36. Qb1 Nxb3 37. a6 Qxc4 38. a7 Qc8 39. Qxb3 Bd6 40.
Qa4 Qc3 41. a8=Q+ 1-0

[Event "Ì17Ï"]
[Site "Loo"]
[Date "2017.04.26"]
[Round "7.7"]
[White "Êûøòûìîâ, Äàíèèë."]
[Black "Ëàïòåâ, Òèìîôåé."]
[Result "1-0"]
[WhiteElo "2082"]
[BlackElo "1870"]
[PlyCount "50"]
[EventDate "2017.04.20"]

1. e4 c6 2. Nc3 d5 3. Nf3 dxe4 4. Nxe4 Nd7 5. d4 Ngf6 6. Ng3 Qc7 7. Bd3 e6 8.
O-O Bd6 9. Re1 O-O 10. Bg5 h6 11. Bxf6 Nxf6 12. Qe2 c5 13. Rad1 cxd4 14. Nxd4
Bd7 15. Bb5 Bc6 16. Bxc6 bxc6 17. Nxe6 fxe6 18. Qxe6+ Kh8 19. Qxd6 Qb6 20. Qd4
c5 21. Qc3 Rab8 22. b3 Rb7 23. Ne4 Nxe4 24. Rxe4 c4 25. Qe3 Qa5 {
äàëåå çàïèñü íåðàçáîð~~èâà} 1-0

[Event "Ì17Ï"]
[Site "Loo"]
[Date "2017.04.26"]
[Round "7.8"]
[White "Òÿòþøêèí, Äàíèë."]
[Black "Ðîâíîâ, Âëàäèñëàâ."]
[Result "0-1"]
[WhiteElo "1985"]
[BlackElo "2039"]
[PlyCount "64"]
[EventDate "2017.04.20"]

1. e4 c5 2. c3 e6 3. d4 d5 4. e5 Nc6 5. Nf3 Bd7 6. a3 f6 7. Be3 fxe5 8. dxc5
Nf6 9. h3 b6 10. cxb6 axb6 11. Be2 Bd6 12. O-O O-O 13. Nbd2 Bc7 14. Re1 Be8 15.
Nb3 Qd6 16. g3 h5 17. Nh4 Rd8 18. Bg5 Ne4 19. Bxd8 Bxd8 20. Bf3 Nxf2 21. Kxf2
Bxh4 22. gxh4 e4 23. Rh1 Rxf3+ 24. Ke2 Qf4 25. Qg1 Ne5 26. Nd4 Nc4 27. Nxf3
exf3+ 28. Kf2 Nd2 29. Ke1 Ne4 30. Rh2 f2+ 31. Rxf2 Qe3+ 32. Kd1 Ba4+ 0-1

[Event "Ì17Ï"]
[Site "Loo"]
[Date "2017.04.26"]
[Round "7.9"]
[White "Ìîðîçîâ, Âàëåðèé."]
[Black "Íîâèêîâ, Ñåðãåé."]
[Result "0-1"]
[WhiteElo "1836"]
[BlackElo "2036"]
[PlyCount "68"]
[EventDate "2017.04.20"]

1. d4 Nf6 2. Nf3 c5 3. e3 cxd4 4. exd4 d5 5. Bd3 g6 6. O-O Bg7 7. Bf4 O-O 8. c3
Nc6 9. Nbd2 Nh5 10. Bg5 Qc7 11. Re1 f6 12. Bh4 e5 13. dxe5 fxe5 14. Qb3 Nf4 15.
Bb5 e4 16. Bxc6 bxc6 17. Nd4 Rb8 18. Qc2 Nd3 19. Reb1 Be5 20. Nf1 g5 21. Bxg5
Rxf2 22. Qxf2 Nxf2 23. Kxf2 c5 24. Nb3 d4 25. Re1 Bb7 26. cxd4 cxd4 27. Rac1
Qg7 28. h4 h6 29. Nc5 hxg5 30. Nxb7 Qxb7 31. hxg5 Qxb2+ 32. Kg1 d3 33. Rcd1
Qd4+ 34. Kh1 Kg7 0-1

[Event "Ì17Ï"]
[Site "Loo"]
[Date "2017.04.26"]
[Round "7.10"]
[White "Âåòîõèí, Èëüÿ."]
[Black "Íîâèêîâ, Êèðèëë."]
[Result "1/2-1/2"]
[WhiteElo "1913"]
[BlackElo "1763"]
[PlyCount "84"]
[EventDate "2017.04.20"]

1. d4 d5 2. c4 c6 3. Nc3 Nf6 4. e3 e6 5. Nf3 Nbd7 6. Bd3 dxc4 7. Bxc4 b5 8. Bd3
a6 9. a4 Bb7 10. O-O Be7 11. Bd2 O-O 12. Rc1 Rc8 13. Qe2 b4 14. Ne4 Nxe4 15.
Bxe4 Qb6 16. Rfd1 a5 17. Ne5 Nxe5 18. dxe5 Qc7 19. f4 c5 20. Bxb7 Qxb7 21. Qc4
Qd5 22. Be1 Qxc4 23. Rxc4 Rfd8 24. Rd2 Rxd2 25. Bxd2 Rd8 26. Bc1 Kf8 27. Kf2
Ke8 28. Ke2 Kd7 29. e4 Kc6 30. b3 f6 31. exf6 gxf6 32. Be3 f5 33. e5 Rg8 34.
Kf3 h5 35. Bf2 h4 36. Be3 Rg4 37. Kf2 Rg8 38. Kf3 Rd8 39. Ke2 h3 40. g3 Rg8 41.
Kf3 Kd5 42. Bf2 Rg4 1/2-1/2

[Event "Ì17Ï"]
[Site "Loo"]
[Date "2017.04.26"]
[Round "7.11"]
[White "Ìàð÷åíêî, Íèêîëàé."]
[Black "Ïåòðåíêî, Êèðèëë."]
[Result "0-1"]
[WhiteElo "1862"]
[BlackElo "1999"]
[PlyCount "120"]
[EventDate "2017.04.20"]

1. d4 e6 2. c4 c5 3. d5 exd5 4. cxd5 d6 5. Nc3 g6 6. e4 Bg7 7. Bd3 Ne7 8. h3
O-O 9. Nf3 Na6 10. O-O Nc7 11. Nd2 Rb8 12. a4 b6 13. Nc4 Ba6 14. Bf4 Bxc4 15.
Bxc4 Nc8 16. Qe2 Re8 17. Rad1 Qe7 18. Rfe1 Rf8 19. Bg3 f5 20. exf5 Qxe2 21.
Rxe2 gxf5 22. Nb5 Nxb5 23. Bxb5 f4 24. Bh4 Rb7 25. Rde1 Be5 26. g3 Rg7 27. Kh2
Ne7 28. Bd7 Nf5 29. Bxf5 Rxf5 30. g4 f3+ 31. Bg3 Bxg3+ 32. fxg3 Rxd5 33. Re8+
Kf7 34. R8e7+ Kf8 35. Re8+ Kf7 36. R8e3 Rd2+ 37. Kh1 h6 38. Rxf3+ Kg8 39. Re8+
Kh7 40. Rff8 d5 41. Rh8+ Kg6 42. Re6+ Kf7 43. Rc6 Re2 44. Rhxh6 d4 45. Rhd6
Rxb2 46. Rc7+ Kg8 47. Rc8+ Kh7 48. Rd5 Re7 49. Rh5+ Kg7 50. Rg5+ Kh7 51. Rh5+
Kg7 52. Rg5+ Kh6 53. Rh5+ Kg6 54. Rc6+ Kg7 55. Rg5+ Kf7 56. Rf5+ Ke8 57. Rf1 d3
58. Rd6 d2 59. g5 Re1 60. Kg1 Rbb1 0-1

[Event "Ì17Ï"]
[Site "Loo"]
[Date "2017.04.26"]
[Round "7.12"]
[White "Íóðèñòàíè, Èìàí."]
[Black "Ñåòþêîâ, Ðàäåëü."]
[Result "1-0"]
[WhiteElo "1998"]
[BlackElo "1916"]
[PlyCount "99"]
[EventDate "2017.04.20"]

1. d4 Nf6 2. c4 c5 3. d5 e6 4. Nc3 exd5 5. cxd5 d6 6. e4 g6 7. f4 Qe7 8. Nf3
Bg7 9. Bb5+ Bd7 10. Qe2 O-O 11. Bd3 Bg4 12. O-O a6 13. a4 Nbd7 14. h3 Bxf3 15.
Rxf3 Rfe8 16. Bd2 c4 17. Bc2 b5 18. axb5 axb5 19. Rxa8 Rxa8 20. Nxb5 Nxd5 21.
Qxc4 N5b6 22. Qd3 Rc8 23. Bb3 Nc5 24. Qxd6 Qb7 25. Bxf7+ Qxf7 26. Qxb6 Nxe4 27.
Bc3 Bf8 28. Kh2 Bc5 29. Qa6 Rd8 30. Qc6 Qe7 31. b4 Nxc3 32. bxc5 Na4 33. Rg3
Nxc5 34. Nc3 Nd7 35. Nd5 Qf7 36. Qc7 Rf8 37. Rg5 Kh8 38. Qd6 Nf6 39. Ne3 Ne8
40. Qd4+ Qf6 41. Re5 Ng7 42. Nd5 Nf5 43. Qb4 Qg7 44. Nc7 Qf7 45. Ne6 Rg8 46.
Ng5 Qf6 47. Qb7 Ne7 48. Qxe7 Qxf4+ 49. Kg1 Qd4+ 50. Re3 1-0

[Event "Ì17Ï"]
[Site "Loo"]
[Date "2017.04.26"]
[Round "7.13"]
[White "Ëåâäàíñêèé, Àëåêñåé."]
[Black "Òðåòüÿêîâ, Ñòåïàí."]
[Result "1-0"]
[WhiteElo "1859"]
[BlackElo "1995"]
[PlyCount "47"]
[EventDate "2017.04.20"]

1. d4 Nf6 2. Nf3 g6 3. c4 Bg7 4. Nc3 O-O 5. Bg5 d6 6. e3 Nc6 7. Be2 Bg4 8. h3
Bxf3 9. Bxf3 Qd7 10. O-O e5 11. Rb1 h6 12. Bh4 Nh7 13. d5 Ne7 14. Bxe7 Qxe7 15.
e4 f5 16. b4 Ng5 17. Re1 Rf7 18. exf5 Nxf3+ 19. Qxf3 gxf5 20. Qh5 e4 21. Ne2 f4
22. g3 fxg3 23. Nxg3 Rf4 24. Nf5 {äàëåå çàïèñü íåðàçáîð~~èâà} 1-0

[Event "Ì17Ï"]
[Site "Loo"]
[Date "2017.04.26"]
[Round "7.14"]
[White "Ðîãîöêèé, Þðèé."]
[Black "Äàâèäåíêî, Äìèòðèé."]
[Result "0-1"]
[WhiteElo "1960"]
[BlackElo "1839"]
[PlyCount "39"]
[EventDate "2017.04.20"]

1. d4 d5 2. c4 dxc4 3. e3 e5 4. Bxc4 exd4 5. exd4 Bd6 6. Nf3 Nf6 7. O-O O-O 8.
Nc3 Bg4 9. Bg5 Nc6 10. Bd5 Bxh2+ 11. Kxh2 Qd6+ 12. g3 Nxd5 13. Kg2 Nxc3 14.
bxc3 Qd5 15. Bf4 Ne7 16. Qd3 Ng6 17. Bc1 Ne5 18. c4 Qxf3+ 19. Qxf3 Bxf3+ 20.
Kg1 0-1

[Event "Ì17Ï"]
[Site "Loo"]
[Date "2017.04.26"]
[Round "7.15"]
[White "Öóðöóìèÿ, Ðóñëàí."]
[Black "Ñèâÿêîâ, Ãåîðãèé."]
[Result "0-1"]
[WhiteElo "1548"]
[BlackElo "1959"]
[PlyCount "56"]
[EventDate "2017.04.20"]

1. d4 Nf6 2. Bf4 c5 3. e3 d5 4. c3 Nc6 5. Nd2 Bf5 6. Be2 e6 7. Rc1 c4 8. Qa4 a6
9. Ngf3 b5 10. Qd1 h6 11. O-O Be7 12. Ne5 Nxe5 13. dxe5 Nd7 14. Bf3 Nc5 15. e4
dxe4 16. Bg4 Nd3 17. Bxf5 exf5 18. Be3 Nxc1 19. Qxc1 O-O 20. f3 Qd3 21. Qe1 f4
22. Bd4 e3 23. Ne4 Rad8 24. g3 Rxd4 25. cxd4 Qxd4 26. gxf4 f5 27. exf6 Bxf6 28.
Qe2 Qxb2 {äàëåå çàïèñü íåðàçáîð~~èâà} 0-1

[Event "Ì17Ï"]
[Site "Loo"]
[Date "2017.04.26"]
[Round "7.16"]
[White "Óñàíèí, Ìèõàèë."]
[Black "Ïåòðîâñêèé, Àíäðåé."]
[Result "0-1"]
[WhiteElo "1907"]
[BlackElo "1780"]
[PlyCount "41"]
[EventDate "2017.04.20"]

1. Nf3 Nf6 2. c4 c5 3. Nc3 g6 4. d4 cxd4 5. Nxd4 Nc6 6. e4 Bg7 7. Be3 Ng4 8.
Qxg4 Nxd4 9. Qd1 Ne6 10. Qd2 Qa5 11. Rc1 b6 12. Be2 Bb7 13. f3 f5 14. Rd1 Bxc3
15. bxc3 O-O-O 16. exf5 gxf5 17. O-O Rhg8 18. Rb1 Bc6 19. Rb3 Rdf8 20. f4 Be4
21. Bd3 {äàëåå çàïèñü íåðàçáîð~~èâà} 0-1

[Event "Ì17Ï"]
[Site "Loo"]
[Date "2017.04.26"]
[Round "7.17"]
[White "Æàôÿðîâ, Àäåëü."]
[Black "Ëèïèëèí, Èëüÿ."]
[Result "1-0"]
[WhiteElo "2111"]
[BlackElo "1951"]
[PlyCount "63"]
[EventDate "2017.04.20"]

1. d4 d5 2. Bf4 Nf6 3. e3 e6 4. Nd2 c5 5. c3 Nc6 6. Ngf3 Bd6 7. Ne5 Qc7 8. Bb5
O-O 9. Bxc6 bxc6 10. O-O Rb8 11. Rb1 Ba6 12. Re1 cxd4 13. exd4 Ne4 14. Nxe4
dxe4 15. Rxe4 f6 16. Nd3 e5 17. dxe5 fxe5 18. Bg3 Rf5 19. Nb4 Bb7 20. Qd3 Rbf8
21. Rbe1 a5 22. Nc2 c5 23. Qc4+ Kh8 24. R4e2 Qc6 25. f3 e4 26. Rxe4 Bxg3 27.
hxg3 Qg6 28. Rg4 Qf6 29. Rf4 Rxf4 30. gxf4 Qxf4 31. Qxc5 Qg3 32. Qxf8# 1-0

[Event "Ì17Ï"]
[Site "Loo"]
[Date "2017.04.26"]
[Round "7.18"]
[White "Ìîèñååâ, Äàíèëà."]
[Black "Ãîãè÷åâ, Ãåîðãèé."]
[Result "1-0"]
[WhiteElo "2037"]
[BlackElo "1869"]
[PlyCount "89"]
[EventDate "2017.04.20"]

1. e4 e5 2. Nf3 Nf6 3. Nxe5 d6 4. Nf3 Nxe4 5. Nc3 Nxc3 6. dxc3 Be7 7. Be3 Nc6
8. Qd2 O-O 9. O-O-O Ne5 10. Nxe5 dxe5 11. Bd3 Be6 12. Qe2 Bd6 13. f3 f5 14. g4
Kh8 15. gxf5 Bxf5 16. Be4 Bxe4 17. fxe4 Qh4 18. Rhg1 Qxe4 19. Rxg7 Rf3 20. Rg3
Raf8 21. Qd2 Rxg3 22. hxg3 Qf3 23. Bxa7 Qxg3 24. a3 Qf4 25. Be3 Qf3 26. Qd3 Qf5
27. Qe2 Rf6 28. Rh1 Kg7 29. Qg2+ Kf7 30. Qxb7 Ke8 31. Qa8+ Kd7 32. c4 e4 33. c5
Be7 34. Rd1+ Ke6 35. Qg8+ Rf7 36. Bd4 Bf8 37. Qg3 Bxc5 38. Qb3+ Ke7 39. Bxc5+
Qxc5 40. Qb8 Rf8 41. Qb7 Rf4 42. Qa8 Kf7 43. Rd7+ Ke6 44. Qe8+ Kf5 45. Qh5+ 1-0

[Event "Ì17Ï"]
[Site "Loo"]
[Date "2017.04.26"]
[Round "7.19"]
[White "Áóðõàíîâ, Âàñèëèé."]
[Black "Ïîëòîðàöêèé, Àëåêñàíäð."]
[Result "1-0"]
[WhiteElo "2026"]
[BlackElo "1857"]
[PlyCount "109"]
[EventDate "2017.04.20"]

1. e4 c5 2. Nf3 e6 3. d4 cxd4 4. Nxd4 a6 5. c4 Qc7 6. Nc3 Nc6 7. Be2 Be7 8. O-O
Nf6 9. Be3 O-O 10. Rc1 d6 11. g4 Ne8 12. f4 Bd7 13. g5 f6 14. h4 Nxd4 15. Bxd4
Bc6 16. Bd3 e5 17. Be3 exf4 18. Rxf4 fxg5 19. hxg5 Rxf4 20. Bxf4 Qb6+ 21. Kf1
Nc7 22. Qg4 Rf8 23. Ke2 Qxb2+ 24. Rc2 Qb6 25. Be3 Qa5 26. Nd5 Bxd5 27. cxd5 Bd8
28. Qd7 Qb4 29. Rd2 Kh8 30. g6 hxg6 31. Kd1 Kg8 32. Qh3 Qc3 33. Bc2 Qa1+ 34.
Ke2 Nb5 35. Qe6+ Kh7 36. Qh3+ Kg8 37. Qe6+ Kh7 38. Bd1 Qe5 39. Qg4 Qh5 40. Kd3
Ba5 41. Rc2 Qe5 42. Qh3+ Kg8 43. Bg4 Re8 44. Be6+ Rxe6 45. dxe6 Nc7 46. Bd4
Qxe6 47. Qh4 Nb5 48. Ba1 Na3 49. Rh2 Qc4+ 50. Ke3 Bb6+ 51. Kf4 Qf1+ 52. Kg4
Qxa1 53. Qh3 Qd1+ 54. Kf4 Qf1+ 55. Qxf1 1-0

[Event "Ì17Ï"]
[Site "Loo"]
[Date "2017.04.26"]
[Round "7.20"]
[White "ßðîñëàâöåâ, Àðòåì."]
[Black "Èäèãîâ, Àáóáàêàð."]
[Result "0-1"]
[WhiteElo "2022"]
[BlackElo "1833"]
[PlyCount "134"]
[EventDate "2017.04.20"]

1. e4 c5 2. Nf3 Nc6 3. d4 cxd4 4. Nxd4 d6 5. c4 Nf6 6. Nc3 g6 7. Be2 Bg7 8. Be3
O-O 9. O-O Bd7 10. f3 Rc8 11. Qd2 a6 12. Rac1 Nxd4 13. Bxd4 Be6 14. b3 Qa5 15.
Rfd1 Rfd8 16. b4 Qc7 17. Qe3 Nd7 18. Bxg7 Kxg7 19. Nd5 Bxd5 20. Qc3+ Kg8 21.
exd5 Qb6+ 22. Kh1 Rc7 23. Rd4 Rdc8 24. Qd2 Ra8 25. a3 a5 26. Bd1 axb4 27. axb4
Qa7 28. Be2 b6 29. Re4 Nf6 30. Re3 Qb7 31. f4 Qc8 32. Re1 Rca7 33. Qd4 Qd8 34.
Bd3 Ng4 35. R3e2 Ra2 36. h3 Rxe2 37. Bxe2 Nf6 38. Ra1 Nd7 39. Bg4 Rxa1+ 40.
Qxa1 f5 41. Bf3 Qc7 42. Qd4 Qa7 43. Kh2 Qa3 44. Qd2 Qb3 45. Be2 Nf6 46. Bd3 Kf8
47. b5 Qa3 48. Qe3 Qc3 49. Kg1 Ne4 50. Kf1 Nc5 51. Ke2 Qb2+ 52. Kf3 Qc3 53. Ke2
Kf7 54. g4 Qb2+ 55. Kf3 Qh2 56. gxf5 Qxh3+ 57. Ke2 Qxe3+ 58. Kxe3 Nxd3 59. Kxd3
Kf6 60. fxg6 Kxg6 61. Ke4 Kf6 62. Kf3 Kf5 63. Kg3 h6 64. Kf3 h5 65. Kg3 h4+ 66.
Kxh4 Kxf4 67. Kh5 Ke4 0-1

[Event "Ì17Ï"]
[Site "Loo"]
[Date "2017.04.26"]
[Round "7.21"]
[White "Øèðøîâ, Íèêîëàé."]
[Black "Çèñèí, Îëåã."]
[Result "0-1"]
[WhiteElo "1931"]
[BlackElo "1988"]
[PlyCount "100"]
[EventDate "2017.04.20"]

1. Nf3 Nf6 2. c4 e6 3. g3 b6 4. Bg2 Bb7 5. O-O Be7 6. d4 O-O 7. Nc3 Ne4 8. Bd2
d6 9. d5 Nxc3 10. Bxc3 e5 11. e4 Nd7 12. b4 a5 13. a3 Bf6 14. Qc2 Qe7 15. bxa5
bxa5 16. Rfb1 Nc5 17. Nd2 Qd7 18. Rb5 a4 19. h4 c6 20. Rb4 Bd8 21. Rb2 cxd5 22.
cxd5 Ba6 23. Bf1 Bxf1 24. Rxf1 Qg4 25. Qd1 Qg6 26. h5 Qg5 27. Qe2 f5 28. exf5
Rxf5 29. Nc4 Be7 30. Bb4 Nb3 31. Nxd6 Bxd6 32. Rxb3 axb3 33. Bxd6 Qh6 34. Be7
Rxh5 35. Qf3 Re8 36. d6 e4 37. Qxe4 Qxd6 38. Qg4 Qd5 39. Bh4 Rh6 40. Rd1 Qb7
41. Qc4+ Kh8 42. Rb1 Rhe6 43. Qc3 b2 44. Kh2 Re2 45. g4 Qe4 46. Rxb2 Qxg4 47.
Bg3 R2e6 48. Rb7 Rh6+ 49. Kg2 Qh3+ 50. Kf3 Rf6+ 0-1

[Event "Ì17Ï"]
[Site "Loo"]
[Date "2017.04.26"]
[Round "7.22"]
[White "Çàâüÿëîâ, Íèêèòà."]
[Black "Êàðåëîâ, Ïàâåë."]
[Result "1-0"]
[WhiteElo "1908"]
[BlackElo "1969"]
[PlyCount "71"]
[EventDate "2017.04.20"]

1. e4 c5 2. Nf3 g6 3. d4 cxd4 4. Nxd4 Bg7 5. Be2 Nc6 6. Be3 Nf6 7. Nc3 O-O 8.
O-O d5 9. exd5 Nxd5 10. Nxd5 Qxd5 11. Bf3 Qc4 12. Nxc6 bxc6 13. c3 Be6 14. b3
Qxc3 15. Rc1 Qa5 16. Rxc6 Rad8 17. Qe2 Bc8 18. Rc5 Qa3 19. Rfc1 Ba6 20. Qe1 Rc8
21. R1c2 Bb2 22. Qd2 Rcd8 23. Rd5 Rxd5 24. Bxd5 Rd8 25. Bxf7+ Kxf7 26. Qxd8 Qb4
27. Qd5+ Kg7 28. Bd2 Qg4 29. Bc3+ Bxc3 30. Rxc3 Bb7 31. Qe5+ Kf7 32. f3 Qb4 33.
Qc5 Qb6 34. Qxb6 axb6 35. Rc4 Ba6 36. Rc6 1-0

[Event "Ì17Ï"]
[Site "Loo"]
[Date "2017.04.26"]
[Round "7.23"]
[White "Ìîñêâèí, Àíàòîëèé."]
[Black "Íàòàðîâ, Èëüÿ."]
[Result "1/2-1/2"]
[WhiteElo "1952"]
[BlackElo "1829"]
[PlyCount "80"]
[EventDate "2017.04.20"]

1. e4 Nf6 2. Nc3 d5 3. e5 Ne4 4. Nce2 f6 5. d3 Ng5 6. Bxg5 fxg5 7. Qd2 e6 8. d4
c5 9. c3 Nc6 10. h3 Be7 11. Nf3 O-O 12. dxc5 Bxc5 13. Ned4 h6 14. Bd3 Qc7 15.
Nxc6 bxc6 16. Qe2 a5 17. O-O Qa7 18. Rfc1 Qb6 19. Rab1 Ba6 20. Bxa6 Rxa6 21. b4
axb4 22. cxb4 Be7 23. Qb2 Rfa8 24. Qd4 Qb5 25. Qc3 Rxa2 26. Qxc6 Qxc6 27. Rxc6
Ra1 28. Rcc1 Rxb1 29. Rxb1 Rb8 30. Nd4 Rxb4 31. Rxb4 Bxb4 32. Nxe6 Bc3 33. Nc7
Bxe5 34. Nxd5 Kf7 35. Kf1 Ke6 36. Ne3 Bd4 37. Ke2 Ke5 38. Kf3 Bc5 39. Nc4+ Kd5
40. Ne3+ Ke5 1/2-1/2

[Event "Ì17Ï"]
[Site "Loo"]
[Date "2017.04.26"]
[Round "7.24"]
[White "Ãåòüìàí, Äìèòðèé."]
[Black "Íèêèòèí, Ãåîðãèé."]
[Result "0-1"]
[WhiteElo "1863"]
[BlackElo "1847"]
[PlyCount "52"]
[EventDate "2017.04.20"]

1. d4 Nf6 2. c4 e6 3. Nc3 d5 4. Bg5 Nbd7 5. e3 c6 6. cxd5 exd5 7. Bd3 Bd6 8.
Nf3 O-O 9. O-O Re8 10. Qc2 Nf8 11. Rfe1 Bg4 12. Nd2 h6 13. Bh4 Bh5 14. Nf1 Be7
15. Bg3 Bg6 16. a3 Bd6 17. Bxd6 Qxd6 18. Bxg6 Nxg6 19. Ng3 Nh4 20. Nf5 Nxf5 21.
Qxf5 Ne4 22. Nxe4 Rxe4 23. b4 Rae8 24. Rec1 a6 25. Rab1 g6 26. Qf3 f5 {
äàëåå çàïèñü íåðàçáîð~~èâà} 0-1

[Event "Ì17Ï"]
[Site "Loo"]
[Date "2017.04.26"]
[Round "7.25"]
[White "Ñîêîëîâ, Íèêèòà."]
[Black "Ãàâðèê, Àëåêñàíäð."]
[Result "0-1"]
[WhiteElo "2049"]
[BlackElo "1688"]
[PlyCount "96"]
[EventDate "2017.04.20"]

1. d4 d5 2. c4 c6 3. Nc3 Nf6 4. e3 Nbd7 5. Nf3 e6 6. Bd3 Bd6 7. Qc2 O-O 8. O-O
h6 9. Rd1 dxc4 10. Bxc4 b5 11. Bd3 a6 12. Ne4 Nxe4 13. Bxe4 Bb7 14. Bd2 Nf6 15.
Bd3 a5 16. e4 Be7 17. h3 Rc8 18. Be3 Qc7 19. Rac1 Qb8 20. a4 Rfd8 21. Nd2 Bb4
22. Qb1 bxa4 23. Nc4 c5 24. dxc5 Bxc5 25. Bxc5 Rxc5 26. Ne3 Rxc1 27. Rxc1 Qa8
28. f3 Qa7 29. Kf2 Qb6 30. Qc2 g6 31. Qc3 Nh5 32. Bc4 Nf4 33. Rc2 Qb4 34. Ng4
Qxc3 35. bxc3 h5 36. Ne3 Bc6 37. Ba2 Nd3+ 38. Ke2 Bb5 39. Bc4 a3 40. Bxb5 a2
41. Rxa2 Nc1+ 42. Kf2 Nxa2 43. Nc4 Nxc3 44. Ba6 a4 45. Ke3 Nb1 46. Ne5 a3 47.
Bc4 Ra8 48. Nc6 a2 0-1

[Event "Ì17Ï"]
[Site "Loo"]
[Date "2017.04.26"]
[Round "7.26"]
[White "Íàêîíå÷íûé, Èãíàò."]
[Black "Åãîðîâ, Àëåêñåé."]
[Result "1-0"]
[WhiteElo "1977"]
[BlackElo "1776"]
[PlyCount "105"]
[EventDate "2017.04.20"]

1. e4 c6 2. d3 d5 3. Nd2 e5 4. g3 Nf6 5. Bg2 Bd6 6. Ne2 Bg4 7. h3 Bh5 8. g4 Bg6
9. g5 Nfd7 10. h4 dxe4 11. dxe4 Bh5 12. Nc4 Bc7 13. f3 Nc5 14. Qxd8+ Kxd8 15.
Ng3 g6 16. Nxh5 gxh5 17. Be3 Nbd7 18. O-O-O Ke8 19. Bh3 Rd8 20. Bf5 Ne6 21. a4
b6 22. c3 Nf4 23. Rh2 Nf8 24. Rxd8+ Kxd8 25. Rd2+ Ke7 26. a5 c5 27. axb6 axb6
28. b4 N8e6 29. bxc5 bxc5 30. Ra2 Rd8 31. Ra7 Rd7 32. Bxf4 exf4 33. Kc2 Bb8 34.
Ra8 Rb7 35. Na5 Rb6 36. Rxb8 Rxb8 37. Nc6+ Kd7 38. Nxb8+ Kc7 39. Bxe6 fxe6 40.
Na6+ Kb6 41. Nb4 cxb4 42. cxb4 e5 43. Kb3 Kb5 44. Kc3 Kb6 45. Kc4 Kc6 46. b5+
Kb6 47. Kd5 Kxb5 48. Kxe5 Kc5 49. Kxf4 Kd6 50. Kf5 Ke7 51. e5 Kf7 52. e6+ Kg8
53. Kf6 1-0

[Event "Ì17Ï"]
[Site "Loo"]
[Date "2017.04.26"]
[Round "7.27"]
[White "Ëèòâèíîâ, Àíòîí."]
[Black "Ñàòäàðîâ, Ìèõàèë."]
[Result "1-0"]
[WhiteElo "1866"]
[BlackElo "1496"]
[PlyCount "85"]
[EventDate "2017.04.20"]

1. d4 d5 2. Nf3 Nf6 3. Bf4 Bf5 4. e3 e6 5. Be2 Nbd7 6. O-O Be7 7. c4 O-O 8. Nc3
dxc4 9. Bxc4 Nb6 10. Be2 c6 11. Nh4 Bg6 12. Nxg6 hxg6 13. Qc2 Nfd5 14. Bg3 Bd6
15. Bxd6 Qxd6 16. Ne4 Qe7 17. a3 a5 18. Nc5 Nc8 19. Rac1 f5 20. Nd3 Nf6 21. Ne5
Qe8 22. Qb3 Nd6 23. Nc4 Nfe4 24. Rfd1 a4 25. Qb4 Nxc4 26. Bxc4 b5 27. Bd3 Nf6
28. Qd6 Rc8 29. Rc5 Qd7 30. Qg3 Kf7 31. Rdc1 Rc7 32. f3 Rcc8 33. Qe5 Rfd8 34.
h3 Re8 35. Bb1 Red8 36. Ba2 Nd5 37. g4 Rh8 38. Kg2 Rhd8 39. e4 fxe4 40. fxe4
Nf6 41. g5 Nh5 42. d5 cxd5 43. Rc7 1-0

[Event "Ì17Ï"]
[Site "Loo"]
[Date "2017.04.26"]
[Round "7.28"]
[White "Ìàòóùàê, Äàíèèë."]
[Black "Àéðàïåòÿí, Îãàíåñ."]
[Result "1/2-1/2"]
[WhiteElo "1291"]
[BlackElo "1825"]
[PlyCount "63"]
[EventDate "2017.04.20"]

1. e4 e6 2. d4 d5 3. Nd2 dxe4 4. Nxe4 Nd7 5. Nf3 Ngf6 6. Nxf6+ Nxf6 7. Bd3 Bd6
8. Bg5 Qd7 9. c3 h6 10. Bh4 Nd5 11. Bg3 Nf4 12. O-O Nxd3 13. Qxd3 O-O 14. Rfe1
b6 15. Ne5 Bxe5 16. Bxe5 f6 17. Bf4 Bb7 18. Rad1 Qf7 19. Qg3 Kh7 20. a3 Rac8
21. h4 Rfe8 22. Qd3+ Qg6 23. Bg3 Qxd3 24. Rxd3 Bd5 25. Rc1 Bc4 26. Rd2 Kg6 27.
f3 Kf7 28. Rb1 Bb3 29. Rc1 Bc4 30. Rb1 Bb3 31. Rc1 Bc4 32. Rb1 1/2-1/2

[Event "Ì17Ï"]
[Site "Loo"]
[Date "2017.04.26"]
[Round "7.29"]
[White "Êîëõèäîâ, Àçàìàò."]
[Black "Âîëêîâ, Ãðèãîðèé."]
[Result "1-0"]
[WhiteElo "1712"]
[BlackElo "1651"]
[PlyCount "87"]
[EventDate "2017.04.20"]

1. e4 c5 2. Nf3 d6 3. d4 cxd4 4. Nxd4 Nf6 5. Nc3 a6 6. f3 e5 7. Nb3 Be7 8. Be3
Be6 9. Be2 O-O 10. O-O Qc7 11. Nd5 Nxd5 12. exd5 Bf5 13. Bd3 Bxd3 14. Qxd3 Nd7
15. c4 Bf6 16. Rac1 b6 17. Rc2 Rfe8 18. Rfc1 Re7 19. Kf1 Rae8 20. Nd2 g6 21.
Ne4 Bg7 22. Qa3 Nc5 23. Bxc5 bxc5 24. Qxa6 Rd7 25. Qa3 Qd8 26. g3 f5 27. Nf2 h5
28. Re1 h4 29. g4 fxg4 30. Nxg4 Rf7 31. Kg2 Rf4 32. Re4 Ref8 33. Rf2 Qg5 34. h3
R4f7 35. Qe3 Qh5 36. b3 Ra8 37. f4 Raf8 38. fxe5 Rxf2+ 39. Nxf2 Bxe5 40. Ng4
Kg7 41. Nxe5 dxe5 42. Rxe5 Qd1 43. Re7+ Kg8 44. Qe6+ 1-0

[Event "Ì17Ï"]
[Site "Loo"]
[Date "2017.04.26"]
[Round "7.30"]
[White "Ìèøèí, Ñàâåëèé."]
[Black "Êîëèåâ, Èðëàí."]
[Result "0-1"]
[WhiteElo "1377"]
[BlackElo "1739"]
[PlyCount "52"]
[EventDate "2017.04.20"]

1. d4 Nf6 2. Nf3 g6 3. c4 Bg7 4. Nc3 d6 5. e4 O-O 6. h3 e5 7. d5 Nh5 8. g3 a5
9. Bg2 Na6 10. Be3 Bd7 11. h4 f5 12. exf5 Bxf5 13. a3 Bg4 14. Ne4 Nf6 15. Bg5
Qd7 16. Bxf6 Bxf6 17. Qb1 Bg7 18. Nfd2 b5 19. O-O Bh6 20. Qc1 Be2 21. Re1 Bxc4
22. Ng5 Bxg5 23. hxg5 Nc5 24. Qc3 Qf5 25. Bf3 Bd3 26. Re3 e4 0-1